| 000 | 00000nam##2200000za#4500 |
| 001 | 9.568437 |
| 003 | CaOODSP |
| 005 | 20240215150447 |
| 007 | cr ||||||||||| |
| 008 | 150406|2005||||xxc|||||o f|0| 0 eng|d |
| 040 | |aCaOODSP|beng |
| 043 | |an-cn--- |
| 086 | 1 |aPS83-3/169E-PDF |
| 110 | 2 |aCorrectional Service Canada. |
| 245 | 12|aA review of the recidivism rates of adult female sexual offenders / |h[electronic resource]|c[by] Franca Cortoni & R. Karl Hanson. |
| 260 | |bCorrectional Service Canada |cMay 2005. |
| 300 | |a22p.|breferences, tables |
| 490 | 1 |aResearch report|vR-169 |
| 590 | |a10-11-Supp|b2010-11-10 |
| 720 | 1 |aHanson, R. Karl |
| 720 | 1 |aCortoni, Franca |
| 775 | 08|tExamen des taux de récidive chez les délinquantes sexuelles adultes / |w(CaOODSP)9.599718 |
| 830 | #0|aResearch report (Correctional Service Canada. Research Branch)|vR-169|w(CaOODSP)9.506063 |
| 856 | 40|ahttp://publications.gc.ca|qPDF|s66 KB|uhttps://publications.gc.ca/collections/collection_2010/scc-csc/PS83-3-169-eng.pdf|yR-169 |